00439nam a2200157Ia 4500001000500000005001700005008004100022041000800063082001600071100006800087245007400155260000900229300002700238650000800265654000800273947820260306161721.0260306t2011||||xx |||||||||||||| ||spa|| aESP a379.2bC265 aMesa interinstitucional de gestión y descentralizacióneAUT 0aBalance y propuestas para avanzar en la descentralización educativa c2011 a39 páginas :c30 cm. aGEN aCED